| 000 | 00618cam a22002171 4500 | ||
|---|---|---|---|
| 001 | ca 34001828 | ||
| 003 | DLC | ||
| 005 | 20260227111135.0 | ||
| 008 | 800130s1933 mnu 000 0 eng | ||
| 010 | _aca 34001828 | ||
| 035 | _a(OCoLC)5927540 | ||
| 040 |
_aDLC _cOCl _dDLC |
||
| 042 | _apremarc | ||
| 050 | 0 | 0 |
_aPS3537.P442 _bL5 1933 |
| 082 | _a812.5 | ||
| 100 | 1 | _aSpence, Wall. | |
| 245 | 1 | 5 |
_a"The little impostor", _ba comedy in one act, _cby Wall Spence. |
| 260 |
_aMinneapolis, Minn., _bThe Northwestern press, _cc1933. |
||
| 300 |
_a20, [2] p. _c19 cm. |
||
| 500 | _aBlank pages for "Remarks" ([2] at end) | ||
| 999 |
_c17641 _d17641 |
||